Academic failure in secondary school: the inter-related role of health problems and educational context (Record no. 63255)

000 -LEADER
fixed length control field 00597pab a2200217 454500
008 - FIXED-LENGTH DATA ELEMENTS--GENERAL INFORMATION
fixed length control field 180718b2004 xxu||||| |||| 00| 0 eng d
100 ## - MAIN ENTRY--PERSONAL NAME
Personal name Needham, Belinda L.
245 ## - TITLE STATEMENT
Title Academic failure in secondary school: the inter-related role of health problems and educational context
260 ## - PUBLICATION, DISTRIBUTION, ETC.
Date of publication, distribution, etc. 2004
300 ## - PHYSICAL DESCRIPTION
Extent p.569-86.
362 ## - DATES OF PUBLICATION AND/OR SEQUENTIAL DESIGNATION
Dates of publication and/or sequential designation Nov
650 ## - SUBJECT ADDED ENTRY--TOPICAL TERM
Topical term or geographic name entry element Education
650 ## - SUBJECT ADDED ENTRY--TOPICAL TERM
Topical term or geographic name entry element Health services
650 ## - SUBJECT ADDED ENTRY--TOPICAL TERM
Topical term or geographic name entry element Schools
650 ## - SUBJECT ADDED ENTRY--TOPICAL TERM
Topical term or geographic name entry element Secondary schools
650 ## - SUBJECT ADDED ENTRY--TOPICAL TERM
Topical term or geographic name entry element Academic failure
700 ## - ADDED ENTRY--PERSONAL NAME
Personal name Muller, Chandra
700 ## - ADDED ENTRY--PERSONAL NAME
Personal name Crosnoe, Robert
773 ## - HOST ITEM ENTRY
Main entry heading Social Problems
909 ## -
-- 63255
Holdings
Withdrawn status Lost status Damaged status Not for loan Permanent Location Current Location Date acquired Serial Enumeration / chronology Barcode Date last seen Price effective from Koha item type
        Indian Institute of Public Administration Indian Institute of Public Administration 2018-07-19 Volume no: 51, Issue no: 4 AR63705 2018-07-19 2018-07-19 Articles

Powered by Koha